| 000 | 00435nam a2200157Ia 4500 | ||
|---|---|---|---|
| 008 | 210210b1970 xxu||||| |||| 00| 0 eng d | ||
| 020 | _a03 077245 1 | ||
| 082 | _a321.02 DUCC | ||
| 100 | _aDUCHACEK (Ivo D). | ||
| 245 | _aComparative federalism: the territorial dimension of politics. | ||
| 260 |
_aNY _bHolt Rinehart & Winston _c1970 |
||
| 300 | _axiv,370 | ||
| 650 | _aFederalism | ||
| 690 | _aModern Governments | ||
| 906 | _a032288 | ||
| 999 |
_c83142 _d83142 |
||